Kader SC Freiburg - Statistiken

Allgemein
  • Dieses Quiz wurde 404 mal gespielt
    211 seit der letzten Aktualisierung
  • Das Durchschnittsergebnis liegt bei 19 aus 26
Antwortstatistiken
# Spieler % Korrekt
28 Matthias Ginter
97%
30 Christian Günter
92%
9 Lucas Höler
92%
32 Vincenzo Grifo
92%
1 Noah Atubolu
90%
38 Michael Gregoritsch
87%
27 Nicolas Höfler
87%
8 Maximilian Eggestein
84%
42 Ritsu Doan
82%
Christian Streich
81%
21 Florian Müller
81%
3 Philipp Lienhart
79%
5 Manuel Gulde
76%
7 Noah Weißhaupt
75%
17 Lukas Kübler
72%
22 Roland Sallai
72%
34 Merlin Röhl
69%
25 Kiliann Sildillia
65%
20 Junior Adamu
64%
4 Kenneth Schmidt
55%
33 Jordy Makengo
53%
14 Yannik Keitel
53%
31 Benjamin Uphoff
52%
11 Daniel-Kofi Kyereh
41%
26 Keven Schlotterbeck
31%
37 Max Rosenfelder
30%
Keine übereinstimmenden Quizze gefunden
Verteilung der Resultate
Anzahl Personen mit jedem Resultat
Perzentil nach korrekt beantworteten Fragen
Ihre Resultats-Entwicklung
Sie haben dieses Quiz seit der letzten Aktualisierung nicht gespielt